000 01224nam a2200253 a 4500
001 48710
003 BD-RjUL
005 20211209054554.0
008 160816s1973 ii ||||| |||| 00| d ben d
020 _c: Tk. 18.00
035 _a(BD-RjUL)48829
040 _aBD-RjUL
_bben
_cBD-RjUL
041 _aben
082 _223
_a891.44209
_bBHS 1973
100 _aভট্টাচার্য, আশুতোষ
_9135242
245 1 0 _aশতবর্ষে নাট্যশালা /
_cআশুতোষ ভট্টাচার্য, অজিতকুমার ঘোষ
260 _aকলিকাতা :
_bজাতীয় সাহিত্য পরিষদ,
_c১৯৭৩
300 _a৪৬৮ পৃ. ;
_c১৯ সেমি
500 _a[ বাংলা সাধারন নাট্যশালা শতবর্ষপূর্তি উৎসব সমিতির উদ্যোগে প্রকাশিত স্মারক গ্রন্থ ]
650 _aবাংলা নাটক
_xইতিহাস ও সমালোচনা
_9123674
650 _aBengali Drama
_xHistory and Criticism
_9122764
700 _aঘোষ, অজিতকুমার
_9121928
942 _2ddc
_cBK
999 _c48710
_d48710